India's population (Record no. 370485)

000 -LEADER
fixed length control field 00384cam a22001337a 4500
008 - FIXED-LENGTH DATA ELEMENTS--GENERAL INFORMATION
fixed length control field 180718b1960 xxu||||| |||| 00| 0 eng d
082 ## - DEWEY DECIMAL CLASSIFICATION NUMBER
Classification number B12x54 In7
245 ## - TITLE STATEMENT
Title India's population
Statement of responsibility, etc. by Institute of Economic Growth
260 ## - PUBLICATION, DISTRIBUTION, ETC.
Place of publication, distribution, etc. Bombay
Name of publisher, distributor, etc. Asia Pub. House
Date of publication, distribution, etc. 1960
300 ## - PHYSICAL DESCRIPTION
Extent 208p.
500 ## - GENERAL NOTE
General note Rs.15.00
650 ## - SUBJECT ADDED ENTRY--TOPICAL TERM
Topical term or geographic name entry element Population - India.
700 ## - ADDED ENTRY--PERSONAL NAME
Personal name India.Institute of Economic Growth
Holdings
Withdrawn status Lost status Damaged status Not for loan Permanent Location Current Location Date acquired Full call number Barcode Date last seen Price effective from Koha item type
        Indian Institute of Public Administration Indian Institute of Public Administration 1994-06-06 B12x54 In7 23729 2018-07-21 2018-07-21 Book

Powered by Koha